01366 2200181 4500245006900000020002200069250001100091100001800102700001400120650001700134005001900151260003000170041001400200084001100214300002300225500092700248336000901175 aSelamat Tinggal Pagi , Selamat Datang SenjacAnif KhasanahhText a978-602-407-407-4 aCet. 1 aAnif Khasanah aAvifah Ve aNovel Remaja a20230926125225 aYogyakartabLaksanac2018 aIndonesia a808.83 a256 hlm. :c20 cm. aDia kembali dan aku masih memiliki hati untuknya. Aku... terlalu memberikan hatiku pada seseorang dalam waktu yang lama. Jadi, aku tidak bisa membuat pilihan waras untuk tetap memilihmu, karena aku tidak bisa berbohong dengan diriku lagi. Andai aku memaksakan untuk mempertahankan pernikahan kita, pasti pada akhirnya kita pun akan bercerai. Jika tidak, mungkin aku akan selingkuh.Bayu, seorang fotografer profesional, sangat terpukul karena perceraiannya dengan Cana, perempuan yang baru dinikahinya selama tiga bulan. Karena sakit hati, Bayu mencoba memutuskan hubungan dengan Cana dan semua hal yang berkaitan dengan wanita itu. Di tengah usahanya menghapus segala kenangan masa lalunya, Bayu berjumpa dengan Kiama, seorang mahasiswi yang usianya lebih muda tiga belas tahun darinya. Deretan peristiwa tidak menyenangkan mempertemukan mereka, hingga secara tidak sengaja Bayu harus terlibat dalam kisah pelik gadis itu. atext